Normal view
MARC view
- السيرة النبوية- الصحابة والتابعون- تراجم
Entry Topical Term
001 - CONTROL NUMBER
- control field: 56416
003 - CONTROL NUMBER IDENTIFIER
- control field: JO-AjAnu
005 - DATE AND TIME OF LATEST TRANSACTION
- control field: 20230606083239.0
008 - FIXED-LENGTH DATA ELEMENTS
- fixed length control field: 230606|| aca||aabn | a|a d
040 ## - CATALOGING SOURCE
- Original cataloging agency: JO-AjAnu
- Transcribing agency: JO-AjAnu
150 ## - HEADING--TOPICAL TERM
- Topical term or geographic name entry element: السيرة النبوية- الصحابة والتابعون- تراجم
670 ## - SOURCE DATA FOUND
- Source citation: Work cat.: (JO-AjAnu)28788: المصري، محمود, author 56415, أصحاب الرسول صلى الله عليه وسلم: ترجمة حقيقية لأكثر من 100 صحابي، ج1